Перейти до змісту

Культура. Литература. Язык материалы международной конференции «чтения ушинского» факультета русской филологии и культуры

Збережено в:
Бібліографічні деталі
Формат: Книга
Мова:Russian
Опубліковано: Ярославль 2013
Онлайн доступ:https://e.lanbook.com/book/166465
https://e.lanbook.com/img/cover/book/166465.jpg
Теги: Додати тег
Немає тегів, Будьте першим, хто поставить тег для цього запису!
LEADER 01038nam0a2200241 i 4500
001 166465
003 RuSpLAN
005 20221220174118.0
008 221220s2013 ru gs 000 0 rus
020 |a 978-5-87555-893-1 
040 |a RuSpLAN 
041 0 |a rus 
044 |a ru 
080 |a 800;82;7;316.77 
084 |a 81.001.2я434+71я434  |2 rubbk 
245 0 0 |a Культура. Литература. Язык  |b материалы международной конференции «чтения ушинского» факультета русской филологии и культуры 
260 |a Ярославль  |c 2013 
300 |a 416 с. 
504 |a Библиогр.: доступна в карточке книги, на сайте ЭБС Лань 
521 8 |a Книга из коллекции - Языкознание и литературоведение 
856 4 |u https://e.lanbook.com/book/166465 
856 4 8 |u https://e.lanbook.com/img/cover/book/166465.jpg 
953 |a https://e.lanbook.com/img/cover/book/166465.jpg